000 00882nam a22002057a 4500
999 _c20212
_d20212
003 AR-CdUCM
008 190527b ||||| |||| 00| 0 spa d
040 _aMUNICIPALIDAD PROVINCIAL DEL CUSCO
_cBIBLIOTECA MUNICIPAL DEL CUSCO
082 _a398.985 /
_bV29
100 _aVarillas Gallardo, Brígido
_942247
245 _aApuntes para el folklore de Yauyos :
_bMitologías, leyendas, cuentos fábulas, canciones populares, danzas, costumbres y fiestas, comidas y bebidas, creencias, supersticiones, medicina popular, y adivinanzas de la región de Yauyos /
260 _aLima :
_bHuascaran,
_c1965.
300 _a212 páginas
_c22 cm.
_bFotografías
505 _aContenido: Perfil histórico de la provincia de Yauyos -- Mitologías -- Leyendas...
650 _aCuentos
_9217
650 _aCuentos
_9312
650 _aFabulas
_94606
942 _2ddc
_cLIBROS
945 _aJavier